MATHEMATICS FOR CHEMIST (Record no. 10025)

MARC details
000 -LEADER
fixed length control field 00318nam a22001457a 4500
003 - CONTROL NUMBER IDENTIFIER
control field SGT
082 ## - DEWEY DECIMAL CLASSIFICATION NUMBER
Classification number 540,SIN
100 ## - MAIN ENTRY--PERSONAL NAME
Personal name SINGH BHUPENDRA
245 ## - TITLE STATEMENT
Title MATHEMATICS FOR CHEMIST
250 ## - EDITION STATEMENT
Edition statement 14TH
260 ## - PUBLICATION, DISTRIBUTION, ETC. (IMPRINT)
Place of publication, distribution, etc NEW DELHI
Name of publisher, distributor, etc PRAGATI PRAKASHAN MEERUT
Year of Publication 2016
300 ## - PAGE DESCRIPTION
No. of Pages 514
650 ## - SUBJECT ADDED ENTRY--TOPICAL TERM
Topical term or geographic name as entry element CHEMISTRY
942 ## - ADDED ENTRY ELEMENTS (KOHA)
Source of classification or shelving scheme Dewey Decimal Classification
Koha item type FPS Books
Holdings
Withdrawn status Lost status Source of classification or shelving scheme Damaged status Not for loan Collection code Home library Current library Shelving location Date acquired Vendor Name Cost, normal purchase price SGTU Bill Number Total Checkouts Full call number Accession No. (Barcode) Date last seen Bill Date Koha item type
    Dewey Decimal Classification     SCIENCE SGT Science & Social Sciences Library SGT Science & Social Sciences Library Text Book 25/11/2016 PRAGATI PRAKASHAN 340.00 SGTU 7099   540,SIN PS2678 25/11/2016 26/09/2016 FPS Books
    Dewey Decimal Classification     SCIENCE SGT Science & Social Sciences Library SGT Science & Social Sciences Library Text Book 25/11/2016 PRAGATI PRAKASHAN 340.00 SGTU 7099   540,SIN PS2679 25/11/2016 26/09/2016 FPS Books
    Dewey Decimal Classification     SCIENCE SGT Science & Social Sciences Library SGT Science & Social Sciences Library Text Book 25/11/2016 PRAGATI PRAKASHAN 340.00 SGTU 7099   540,SIN PS2680 25/11/2016 26/09/2016 FPS Books
    Dewey Decimal Classification     SCIENCE SGT Science & Social Sciences Library SGT Science & Social Sciences Library Text Book 25/11/2016 PRAGATI PRAKASHAN 340.00 SGTU 7099   540,SIN PS2681 25/11/2016 26/09/2016 FPS Books
    Dewey Decimal Classification     SCIENCE SGT Science & Social Sciences Library SGT Science & Social Sciences Library Text Book 25/11/2016 PRAGATI PRAKASHAN 340.00 SGTU 7099   540,SIN PS2682 25/11/2016 26/09/2016 FPS Books